000 00887nam0a22002771 4500
001 rc\2280611
005 20250623041656.0
035 _a(NLR Aleph) 006559966
090 _a6832799
_c6832799
100 _a20110829d1977 |||y0rusy50 ca
101 0 _arus
_alat
102 _aRU
105 _ay j |||||
200 1 _aУчебник латинского языка
_eДля вет. вузов и фак.
_fВ.Д. Вульф
210 _aМосква
_cВысш. школа
_d1977
215 _a126 с.
_d20
606 _aЛатинский язык
_jУчебники и пособия
_2psbo
686 _aШ146.1-923.2
_2rubbk
700 1 _aВульф
_bВ.Д.
_gВладимир Данилович
801 0 _aRU
_bNLR
_gpsbo
801 1 _aRU
_bELAR
_2rusmarc
852 _aNLR
_j77-3/10344
899 _aRuMoRGB
_jБ 77-6/89
899 _aRuMoRGB
_jБ 77-6/90
942 _cBOOK
980 _aNB